Stati della Commissione dell'Oceano Indiano - Statistics

Statistiche generali
  • Questo quiz è stato fatto 6 volte
  • Il punteggio medio è 4 su 5
Statistiche sulle risposte
Continente Nazione % Corretto
Africa Comore
83%
Africa Madagascar
83%
Africa Mauritius
67%
Africa Seychelles
67%
Africa / Europa Riunione (Francia)
50%
Nessun quiz corrispondente trovato
Distribuzione punteggi
Percentuale di utenti per punteggio
Percentile per numero di risposta
I tuoi punteggi nel tempo
Non hai fatto questo quiz